[Event "BAN-ch U18 Girls 41st"]
[Site "Dhaka"]
[Date "2023.12.25"]
[Round "1"]
[White "Suraiya, Akther Salma"]
[Black "Wadifa, Ahmed"]
[Result "0-1"]
[WhiteElo "1062"]
[BlackElo "1758"]
[PlyCount "126"]
[EventDate "2023.12.25"]
[EventType "swiss"]
[EventRounds "9"]
[EventCountry "BAN"]
[SourceTitle "EXT 2025"]
[Source "ChessBase"]
[SourceDate "2024.10.14"]
[SourceVersion "1"]
[SourceVersionDate "2024.10.14"]
[SourceQuality "1"]

1. e4 c5 2. Nf3 e6 3. d3 Nc6 4. a3 g6 5. c3 Bg7 6. Be3 b6 7. g3 Nge7 8. Bg2 0-0 9. Nbd2 h6 10. Nc4 d5 11. exd5 exd5 12. Ncd2 Nf5 13. 0-0 Bb7 14. Nb3 Nxe3 15. fxe3 Re8 16. Re1 Qd7 17. d4 c4 18. Nbd2 Ne7 19. Re2 Qg4 20. Qf1 Qd7 21. Bh3 Qc7 22. Rae1 f5 23. Rf2 Rad8 24. Nh4 Bc8 25. Qg2 Bf6 26. Kh1 Kh7 27. Nhf3 g5 28. g4 fxg4 29. Bxg4 Ng6 30. Bh5 Rg8 31. e4 Nf4 32. Qg3 Qd7 33. Bg6+ Rxg6 34. Re3 Qg4 35. Qxg4 Bxg4 36. e5 Bg7 37. Ng1 Be6 38. h4 Nd3 39. Rh2 g4 40. h5 Rg5 41. Nf1 Rf5 42. Ng3 Rf2 43. Rxf2 Nxf2+ 44. Kh2 Rf8 45. Re1 Nd3 46. Re2 Rf2+ 47. Rxf2 Nxf2 48. N1e2 Nd3 49. Kg2 Kg8 50. Nf1 Nxb2 51. Nf4 Kf7 52. Ne3 Na4 53. Nd1 Bf8 54. Ng6 Bxa3 55. Nh8+ Kg7 56. Ng6 Bc1 57. Ne7 Bd2 58. Nc6 Nxc3 59. Nxc3 Bxc3 60. Nd8 Bf5 61. e6 Kf6 62. Nf7 Bxe6 63. Nxh6 Kg5 0-1